Digital Electronics Guidebook /

Shranjeno v:
Bibliografske podrobnosti
Glavni avtor: Predko, Myke (autor)
Format: Knjiga
Jezik:angleščina
Izdano: Nueva York, EUA : McGraw-Hill, 2002, c2002
Teme:
Oznake: Označite
Brez oznak, prvi označite!

MARC

LEADER 00000nam^a2200000^a^4500
001 000157842
005 20250521000000.0
009 20260310100552.967
020 |a 0-07-137781-6 
037 |a Acervo ITESO - Biblioteca 
041 |a ING 
082 |a 621. 381  |b PRE 
100 |a Predko, Myke  |e (autor) 
245 1 0 |a Digital Electronics Guidebook /  |c M. Predko. 
264 4 |a Nueva York, EUA :  |b McGraw-Hill,  |c 2002, c2002 
300 |a XI, 530 p. +  |e 1 tabla de circuito impreso (disponible) 
336 |a texto  |b txt  |2 rdacontenido 
337 |a sin mediación  |b n  |2 rdamedio 
338 |a volumen  |b nc  |2 rdasoporte 
649 |a XX 
650 |a Resistencias 
650 |a Ley de Ohm 
650 |a Transistores 
650 |a Circuitos Integrados Digitales 
650 |a Circuitos Electrónicos -  |x Diseño y Construcción 
650 |a Reguladores de Voltaje 
650 |a Reguladores Eléctricos 
650 |a Interfaz (Electrónica) 
650 |a Métodos de Simulación 
650 |a Componentes (Hardware) 
650 |a Arquitectura de Computadoras 
650 |a Programación (Software) 
650 |a Electrónica Digital 
650 |a Ingeniería Computacional 
650 |a Ingeniería Electrónica 
910 |a Fondo General 
920 |a Impresos - Libros 
930 |a Colección General 
905 |a 101 
901 |a 0500087698  |b IT1  |c ACC  |u 20250521 
901 |a 0500237050  |b IT2  |c SWS  |u 20250521 
902 |a https://opac.biblio.iteso.mx/vufind/Record/000157842